00511nam a2200169Ia 4500003000900000008004100009020001800050040001600068080001300084100002100097245009900118260003900217300001300256650001400269650004100283650001700324IN-BaIIA211028s9999 xx 000 0 eng d a0-07-460000-1 cIIA Library a524bABH aAbhyankar, K. D. 0aAstrophysicsbstars and galaxiescK. D. Abhyankar  aNew Delhi,bTata McGraw-Hillc1992 axv,543p. aAstronomy aAstronomy and Astrophysics Thesaurus aAstrophysics